| 000 | 00916nam a2200241 i 4500 | ||
|---|---|---|---|
| 001 | 88468 | ||
| 003 | ES-MaACL | ||
| 005 | 20251001142437.0 | ||
| 007 | t| | ||
| 008 | 050104s1911 sp |||| | spa d | ||
| 080 | _a904(465.1 Sangüesa) | ||
| 100 | 1 |
_aAnsoleaga, Florencio de. _921845 |
|
| 245 | 1 | 0 |
_aPolémica arqueológica a propósito de una Granja de Sangüesa / _c[Florencio de Ansoleaga, Vicente Lampérez y Romea]. |
| 260 |
_aPamplona : _b[s.n.], _c1911 ( _fImp., Lib. y Enc. de Nemesio Aramburu) |
||
| 300 |
_a36 p. ; _c22 cm. |
||
| 530 | _aDisponible en formato digital. | ||
| 651 | 4 |
_aSangüesa- _xRestos arqueológicos. _99362 |
|
| 700 | 1 |
_aLampérez y Romea, Vicente, _d1861-1923 _9128639 |
|
| 852 |
_aES-MaACL _j2203-F-6 _cDEPOF _zRevisado enlace: 2 de junio de 2025 |
||
| 857 | 4 |
_uhttps://binadi.navarra.es/registro/00008222 _y Acceso online |
|
| 942 | _2udc | ||
| 999 |
_c88468 _d88468 |
||